书目信息 |
| 题名: |
旅游业危机管理
|
|
| 作者: | 格莱泽 著 ;安辉 译 | |
| 分册: | ||
| 出版信息: | 北京 中国旅游出版社 2004 |
|
| 页数: | 210页 | |
| 开本: | 23cm | |
| 丛书名: | 国外旅游与饭店管理学术名著丛书 | |
| 单 册: | ||
| 中图分类: | F590.6 | |
| 科图分类: | ||
| 主题词: | 旅游业--企业管理 | |
| 电子资源: | ||
| ISBN: | 7-5032-2317-0 | |
| 000 | 01511nam0 2200373 450 | |
| 000 | 01474nam0 2200361 450 | |
| 000 | 01455nam0 2200361 450 | |
| 000 | 01418nam0 2200349 450 | |
| 000 | 01414nam0 2200337 450 | |
| 000 | 01377nam0 2200325 45 | |
| 001 | TS2006004186 | |
| 005 | 20061210150347.01 | |
| 010 | @a7-5032-2317-0@dCNY26.00 | |
| 092 | @aCN@bTS01-004447 | |
| 100 | @a20060829d2004 em y0chiy0110 ea | |
| 101 | 1 | @achi@cger |
| 102 | @aCN@b110000 | |
| 105 | @ay z 000yy | |
| 200 | 1 | @a旅游业危机管理@ALu^ You Ye Wei Ji Guan Li@f[德]德克·格莱泽(Dirk Glaesser)著@F[ De ] De Ke· Ge Lai Ze (Dirk Glaesser) Zhu@g安辉译 |
| 210 | @a北京@c中国旅游出版社@d2004 | |
| 215 | @a210页@d23cm | |
| 225 | 2 | @a国外旅游与饭店管理学术名著丛书 |
| 305 | @a依据《1988年版权、设计和专利法案》,作者德克·格莱泽享有版权 | |
| 330 | @a该书分为六章,概述了与“危机”概念相关的科学讨论;研究了防范性危机管理的必要性及其存在的机遇;介绍了市场营销工具,论述了时间因素对危机管理的重要性,以及重要的预算问题等内容。 | |
| 410 | 0 | @1001012001035578@12001 @a国外旅游与饭店管理学术名著丛书 |
| 510 | 1 | @aCrisis Management in the Tourism Industry@zeng |
| 606 | 0 | @a旅游业@x企业管理 |
| 690 | @aF590.6@v4 | |
| 701 | 0 | @c(德)@a格莱泽@AGe Lai Ze@c(Glaesser, Dirk)@4著 |
| 702 | 0 | @a安辉@AAn Hui@c(女,@f1965~)@4译 |
| 801 | 0 | @aCN@b中图数据@c20061210 |
| 905 | @a10447@dF590.6@e104 | |
| 旅游业危机管理/[德]德克·格莱泽(Dirk Glaesser)著/安辉译.-北京:中国旅游出版社,2004 |
| 210页;23cm.-(国外旅游与饭店管理学术名著丛书) |
| ISBN 7-5032-2317-0:CNY26.00 |
| 该书分为六章,概述了与“危机”概念相关的科学讨论;研究了防范性危机管理的必要性及其存在的机遇;介绍了市场营销工具,论述了时间因素对危机管理的重要性,以及重要的预算问题等内容。 |
| ● |
| 相关链接 |
|
|
|
|
正题名:旅游业危机管理
索取号:F590.6/104
 
预约/预借
| 序号 | 登录号 | 条形码 | 馆藏地/架位号 | 状态 | 备注 |
| 1 | 0607214 | 206072140 | 第一样本阅览室/ [索取号:F590.6/104] | 在馆 | |
| 2 | 0607215 | 206072159 | 第一借阅区/ [索取号:F590.6/104] | 在馆 | |
| 3 | 0607216 | 206072168 | 第一借阅区/ [索取号:F590.6/104] | 在馆 |